[Event "25th Klatovy B 2017"]
[Site "Klatovy CZE"]
[Date "2017.07.05"]
[Round "5.48"]
[White "Chmelik, Benedikt"]
[Black "Valdman, Jakub"]
[Result "1-0"]
[WhiteElo "1432"]
[BlackElo "1070"]
[PlyCount "117"]
[EventDate "2017.07.01"]
[EventType "swiss"]
[EventRounds "9"]
[EventCountry "CZE"]

1. e4 e5 2. Nf3 Nc6 3. Bb5 d6 4. c3 Bd7 5. Ba4 Nf6 6. d3 Be7 7. Nbd2 O-O 8. h3 h6 9. Nf1 Nh5 10. g4 Nf4 11. Bxf4 exf4 12. d4 Bf6 13. Bc2 Re8 14. Qd2 Bg5 15. O-O-O Na5 16. b3 Qe7 17. Re1 b6 18. Kb1 Nb7 19. e5 a5 20. Be4 Reb8 21. exd6 Qxd6 22. h4 Be7 23. Ne5 a4 24. b4 c5 25. Nxd7 Qxd7 26. dxc5 Qxd2 27. Nxd2 bxc5 28. a3 cxb4 29. cxb4 Ra6 30. Nf3 Nd6 31. Bd3 Ra7 32. Nd4 Rc7 33. Rxe7 Rxe7 34. Nc6 Rbe8 35. Nxe7+ Rxe7 36. Rc1 Re5 37. Rc6 Ne8 38. Ra6 Rd5 39. Kc2 Nc7 40. Rxa4 Rd8 41. b5 Rb8 42. Rb4 Kf8 43. a4 Ke7 44. Be4 Kd6 45. Kc3 Nd5+ 46. Bxd5 Kxd5 47. Rxf4 Ke6 48. Kc4 Ra8 49. Kb4 f6 50. Rd4 Ke7 51. a5 Rd8 52. Rxd8 Kxd8 53. Kc5 Kc7 54. b6+ Kb7 55. a6+ Ka8 56. b7+ Kb8 57. Kc6 g5 58. h5 Ka7 59. Kc7 1-0

[Event "25th Klatovy B 2017"]
[Site "Klatovy CZE"]
[Date "2017.07.05"]
[Round "5.49"]
[White "Filip, Petr 1952"]
[Black "Devera, Filip"]
[Result "1/2-1/2"]
[WhiteElo "1372"]
[BlackElo "1000"]
[PlyCount "50"]
[EventDate "2017.07.01"]
[EventType "swiss"]
[EventRounds "9"]
[EventCountry "CZE"]

1. d4 d5 2. c4 e6 3. Nf3 Nf6 4. Bf4 Bd6 5. Bg5 Nbd7 6. c5 Be7 7. e3 Ne4 8. Bf4 O-O 9. Bd3 b6 10. c6 Bb4+ 11. Nbd2 Nxd2 12. Nxd2 Nb8 13. Rc1 Ba6 14. Bxa6 Nxa6 15. O-O Bd6 16. Qg4 Bxf4 17. Qxf4 Nb4 18. Qg3 Nxa2 19. Rb1 Nb4 20. Nf3 Qd6 21. Qh3 Nxc6 22. Ng5 h6 23. Nf3 a5 24. g4 Qe7 25. g5 hxg5 1/2-1/2

[Event "25th Klatovy B 2017"]
[Site "Klatovy CZE"]
[Date "2017.07.05"]
[Round "5.50"]
[White "Langova, Hana"]
[Black "Veverkova, Dorota"]
[Result "0-1"]
[WhiteElo "1000"]
[BlackElo "1240"]
[PlyCount "80"]
[EventDate "2017.07.01"]
[EventType "swiss"]
[EventRounds "9"]
[EventCountry "CZE"]

1. e4 e5 2. Nf3 Nc6 3. Bc4 Bc5 4. Nc3 Nf6 5. d3 d6 6. Bg5 Bg4 7. Qd2 Qe7 8. Bxf6 Qxf6 9. Nd5 Qd8 10. O-O-O Qd7 11. Rde1 O-O-O 12. Qc3 Ne7 13. Nd2 Nxd5 14. Bxd5 Qe7 15. Qb3 b6 16. Qb5 Bxf2 17. Qa6+ Kd7 18. Qb5+ Kc8 19. Bc6 Rd7 20. Qa6+ Kd8 21. Ref1 Qf6 22. h4 Be2 23. Bxd7 Kxd7 24. Qb5+ Ke7 25. Rd1 Qe6 26. Qc4 Bxd1 27. Rxd1 Re8 28. Qxc7+ Qd7 29. Qc4 Be3 30. Rf1 f6 31. Kd1 Rc8 32. Qb3 Rc5 33. Qg8 Qa4 34. Qxg7+ Kd8 35. Rxf6 Qxc2+ 36. Ke2 Qxd2+ 37. Kf3 Qf2+ 38. Kg4 Qxg2+ 39. Kf5 Qxg7 40. Ke6 Qd7# 0-1

[Event "25th Klatovy B 2017"]
[Site "Klatovy CZE"]
[Date "2017.07.05"]
[Round "5.51"]
[White "Zimmermann, Ladislav"]
[Black "Kalista, Frantisek"]
[Result "1-0"]
[WhiteElo "1320"]
[BlackElo "1000"]
[PlyCount "75"]
[EventDate "2017.07.01"]
[EventType "swiss"]
[EventRounds "9"]
[EventCountry "CZE"]

1. e4 c5 2. Nf3 d6 3. d4 cxd4 4. Nxd4 Nf6 5. Nc3 Nbd7 6. Bd3 e5 7. Nf3 Be7 8. b3 O-O 9. Bb2 b6 10. Qd2 Bb7 11. O-O-O a5 12. Qe3 Ng4 13. Qe2 Re8 14. h3 Ngf6 15. Bc4 Bc6 16. Bb5 Bxb5 17. Nxb5 Nc5 18. Bxe5 Ncxe4 19. Bxf6 Nxf6 20. Rhe1 Bf8 21. Qd2 Rxe1 22. Nxe1 d5 23. Nd4 Ba3+ 24. Kb1 Qd7 25. Nb5 Bc5 26. Nf3 Re8 27. c4 d4 28. Nbxd4 Bxd4 29. Qxd4 Qf5+ 30. Kc1 Rb8 31. Qe5 Qxe5 32. Nxe5 g6 33. Nc6 Kg7 34. Nxb8 Ne4 35. f3 Nc3 36. Rd2 b5 37. cxb5 Nxb5 38. Rd5 1-0

[Event "25th Klatovy B 2017"]
[Site "Klatovy CZE"]
[Date "2017.07.05"]
[Round "5.52"]
[White "Pozar, Pavel"]
[Black "Krejbich, Lukas"]
[Result "0-1"]
[WhiteElo "1000"]
[BlackElo "1041"]
[PlyCount "54"]
[EventDate "2017.07.01"]
[EventType "swiss"]
[EventRounds "9"]
[EventCountry "CZE"]

1. e4 e5 2. Bc4 Nf6 3. Nf3 Bc5 4. Nxe5 O-O 5. Qf3 Qe7 6. d4 Bxd4 7. Qg3 Bxe5 8. f4 Bd4 9. Nd2 Nxe4 10. Nxe4 Qxe4+ 11. Be2 Re8 12. Qg4 d6 13. Qh5 g6 14. Qb5 Bd7 15. Qd3 Qxd3 16. cxd3 Nc6 17. Kd1 Re7 18. Re1 Rae8 19. a3 Bf2 20. Be3 Bxe3 21. Rf1 Nd4 22. f5 Nxe2 23. Kxe2 Bxf5 24. g4 Bxg4+ 25. Ke1 Bf4+ 26. Kf2 Re2+ 27. Kg1 Be3+ 0-1

[Event "25th Klatovy B 2017"]
[Site "Klatovy CZE"]
[Date "2017.07.05"]
[Round "5.53"]
[White "Skrivan, Matej 2008"]
[Black "Bukvaj, Jan"]
[Result "0-1"]
[WhiteElo "1100"]
[BlackElo "1100"]
[PlyCount "88"]
[EventDate "2017.07.01"]
[EventType "swiss"]
[EventRounds "9"]
[EventCountry "CZE"]

1. c4 d5 2. cxd5 Qxd5 3. Qa4+ b5 4. Qa5 Kd8 5. g3 Qxh1 6. Nc3 Nc6 7. Qxb5 Bd7 8. Qb7 Rb8 9. Qxc6 Qxg1 10. Qg2 Qxg2 11. Bxg2 Nf6 12. e4 e5 13. d3 Bb4 14. Bg5 Bxc3+ 15. bxc3 h6 16. Bxf6+ gxf6 17. O-O-O f5 18. exf5 Bxf5 19. Bc6 Bd7 20. Bxd7 Kxd7 21. d4 exd4 22. cxd4 Rhe8 23. d5 Re2 24. f4 Rxh2 25. g4 h5 26. gxh5 Rxh5 27. f5 Rxf5 28. a4 Kd6 29. Rd2 Rb4 30. Ra2 Rd4 31. a5 Ra4 32. Kb2 Rxa2+ 33. Kxa2 Rxd5 34. Kb3 Rxa5 35. Kb4 Rc5 36. Ka4 f5 37. Kb4 f4 38. Ka4 a6 39. Kb4 f3 40. Ka4 f2 41. Kb4 f1=Q 42. Ka4 Qb1 43. Ka3 Kc6 44. Ka4 Qb6 0-1

[Event "25th Klatovy B 2017"]
[Site "Klatovy CZE"]
[Date "2017.07.05"]
[Round "5.54"]
[White "Stegner, Mathias 2007"]
[Black "Bukvaj, Martin"]
[Result "0-1"]
[WhiteElo "1100"]
[BlackElo "1100"]
[PlyCount "48"]
[EventDate "2017.07.01"]
[EventType "swiss"]
[EventRounds "9"]
[EventCountry "CZE"]

1. e4 d5 2. exd5 Qxd5 3. Nc3 Qe5+ 4. Be2 Nc6 5. Nf3 Qf6 6. Nd5 Qd6 7. Nc3 Nf6 8. Nb5 Qc5 9. Nxc7+ Kd8 10. Nxa8 Ng4 11. O-O Qd6 12. d3 Nd4 13. Re1 Nxf3+ 14. Bxf3 Qxh2+ 15. Kf1 e5 16. Bxg4 Bxg4 17. Qxg4 Bc5 18. Bg5+ f6 19. Bd2 Ke7 20. Qxg7+ Ke6 21. Qxb7 Qh4 22. Qc6+ Kf5 23. Qxc5 Rxa8 24. Re2 Qh1# 0-1

[Event "25th Klatovy B 2017"]
[Site "Klatovy CZE"]
[Date "2017.07.06"]
[Round "6.1"]
[White "Cyron, Karel"]
[Black "Soukal, Roman"]
[Result "1-0"]
[WhiteElo "1774"]
[BlackElo "1931"]
[PlyCount "83"]
[EventDate "2017.07.01"]
[EventType "swiss"]
[EventRounds "9"]
[EventCountry "CZE"]

1. e4 e5 2. Nf3 Nc6 3. Bb5 f5 4. d3 fxe4 5. dxe4 Nf6 6. Qe2 Bc5 7. O-O Qe7 8. Bg5 Nd8 9. Nh4 Ne6 10. Nf5 Qf8 11. Bd2 g6 12. Bh6 Qf7 13. Ng3 c6 14. Bc4 b5 15. Bb3 a5 16. a3 Ba6 17. c3 b4 18. Bc4 Bxc4 19. Qxc4 bxc3 20. bxc3 Ng4 21. Be3 Bxe3 22. fxe3 Nxe3 23. Rxf7 Nxc4 24. Rf2 Rb8 25. Nd2 Nxd2 26. Rxd2 Rb3 27. Rad1 Nc5 28. Nf1 Rxa3 29. Ne3 Rxc3 30. Ng4 Nxe4 31. Rxd7 Rf8 32. h3 Rc5 33. Nh6 Nf6 34. Ra7 e4 35. Rd6 Rc1+ 36. Kh2 a4 37. Re6+ Kd8 38. Nf7+ Rxf7 39. Rxf7 a3 40. Rexf6 a2 41. Ra7 a1=Q 42. Rf8# 1-0

[Event "25th Klatovy B 2017"]
[Site "Klatovy CZE"]
[Date "2017.07.06"]
[Round "6.2"]
[White "Lener, Jaroslav 1975"]
[Black "Micka, Norbert"]
[Result "1/2-1/2"]
[WhiteElo "1750"]
[BlackElo "1823"]
[PlyCount "78"]
[EventDate "2017.07.01"]
[EventType "swiss"]
[EventRounds "9"]
[EventCountry "CZE"]

1. Nf3 Nf6 2. c4 c5 3. g3 g6 4. Bg2 Bg7 5. Nc3 Nc6 6. O-O O-O 7. d3 d6 8. Bd2 Rb8 9. Rb1 a6 10. a3 b5 11. cxb5 axb5 12. b4 cxb4 13. axb4 Bd7 14. Qc1 Qc8 15. Bh6 Nd8 16. Bxg7 Kxg7 17. Qb2 Nc6 18. Ne4 Qd8 19. Nxf6 exf6 20. Nd4 Nxd4 21. Qxd4 Qb6 22. Qxb6 Rxb6 23. Rfc1 f5 24. Rc7 Rd8 25. Ra1 Kf6 26. Raa7 Be6 27. d4 d5 28. e3 h5 29. Rc5 g5 30. Ra5 Ke7 31. Rcxb5 Rdb8 32. Rxb6 Rxb6 33. b5 Kd6 34. f3 Bd7 35. Bf1 Kc7 36. Bd3 Bc8 37. Kf2 Bd7 38. Ke2 g4 39. Kf2 Kb7 1/2-1/2

[Event "25th Klatovy B 2017"]
[Site "Klatovy CZE"]
[Date "2017.07.06"]
[Round "6.3"]
[White "Vavrinek, Tomas"]
[Black "Masek, Jan"]
[Result "0-1"]
[WhiteElo "1750"]
[BlackElo "1915"]
[PlyCount "88"]
[EventDate "2017.07.01"]
[EventType "swiss"]
[EventRounds "9"]
[EventCountry "CZE"]

1. d4 Nf6 2. Nf3 c5 3. d5 g6 4. c4 b5 5. e3 b4 6. b3 d6 7. Bb2 Bg7 8. Qc2 Bf5 9. Bd3 Bxd3 10. Qxd3 Nbd7 11. Nbd2 O-O 12. O-O Re8 13. Qc2 a5 14. a4 h6 15. Rfe1 Nf8 16. Rad1 e5 17. e4 Nh5 18. Nf1 Nh7 19. Ng3 N5f6 20. Bc1 Kh8 21. Kh1 Ng8 22. Ng1 Ngf6 23. Nh3 Ng4 24. f3 Ngf6 25. Be3 Qd7 26. Qd2 Ng8 27. Rf1 f5 28. exf5 gxf5 29. f4 e4 30. Nh5 Bc3 31. Qe2 Ngf6 32. Nxf6 Nxf6 33. Bd2 Bd4 34. Ng1 Ng4 35. h3 Nf6 36. Be3 Bxe3 37. Qxe3 Rg8 38. Ne2 Rg6 39. Rf2 Rag8 40. Rg1 Qe7 41. g3 Qe8 42. Rfg2 R6g7 43. Kh2 Qh5 44. Qc1 Ng4+ 0-1

[Event "25th Klatovy B 2017"]
[Site "Klatovy CZE"]
[Date "2017.07.06"]
[Round "6.4"]
[White "Simacek, Vaclav"]
[Black "Hartmann, Andreas 1969"]
[Result "1-0"]
[WhiteElo "1830"]
[BlackElo "1685"]
[PlyCount "115"]
[EventDate "2017.07.01"]
[EventType "swiss"]
[EventRounds "9"]
[EventCountry "CZE"]

1. e4 g6 2. f4 Bg7 3. Nf3 d6 4. Nc3 e6 5. d4 Ne7 6. Bb5+ c6 7. Bd3 d5 8. e5 Nd7 9. O-O O-O 10. Ne2 b6 11. g4 c5 12. c3 Nb8 13. Ng3 f5 14. exf6 Bxf6 15. g5 Bg7 16. Be3 c4 17. Bc2 Nbc6 18. Ne5 a6 19. h4 Bxe5 20. fxe5 Nf5 21. Nxf5 exf5 22. Qf3 Be6 23. Rae1 Ne7 24. Re2 Kg7 25. Rh2 Qd7 26. Bf4 Rh8 27. b3 b5 28. Rb1 Rab8 29. Bd1 Qc6 30. Rhb2 Qc7 31. Bc1 a5 32. bxc4 bxc4 33. Qf2 Nc6 34. Ba4 Ne7 35. Rb5 Rxb5 36. Bxb5 Rb8 37. a4 Nc8 38. Ba3 Qf7 39. Bc5 Rb7 40. Kg2 Bd7 41. Qe2 Qe6 42. Bxd7 Rxd7 43. Rb8 Rf7 44. Qf3 f4 45. Kf2 Qf5 46. Rb2 Rd7 47. Re2 Ne7 48. e6 Rb7 49. Bd6 Qb1 50. Bxe7 Rxe7 51. Qxf4 Qb7 52. Qf6+ Kg8 53. Kg3 Qb1 54. Rf2 Qg1+ 55. Kh3 Qxf2 56. Qxf2 Rxe6 57. Qf3 Re4 58. Kg3 1-0

[Event "25th Klatovy B 2017"]
[Site "Klatovy CZE"]
[Date "2017.07.06"]
[Round "6.5"]
[White "Chmelik, Ladislav"]
[Black "Boucek, Vlastimil 1968"]
[Result "1-0"]
[WhiteElo "1739"]
[BlackElo "1677"]
[PlyCount "87"]
[EventDate "2017.07.01"]
[EventType "swiss"]
[EventRounds "9"]
[EventCountry "CZE"]

1. d4 d5 2. Nf3 e6 3. g3 c5 4. dxc5 Bxc5 5. Bg2 Nc6 6. O-O Nf6 7. Bg5 Be7 8. Nbd2 h6 9. Bf4 g5 10. Be5 g4 11. Bxf6 Bxf6 12. Ne1 Bxb2 13. Rb1 Bf6 14. e4 h5 15. exd5 exd5 16. Nb3 Ne7 17. Nd3 Bf5 18. Nf4 Rc8 19. Nd4 Be4 20. Rxb7 Rc4 21. Nb5 Bxg2 22. Kxg2 a6 23. Nxd5 Nxd5 24. Qe2+ Ne3+ 25. Qxe3+ Kf8 26. Qa3+ Be7 27. Qxa6 Qd5+ 28. Kg1 Bc5 29. Nc7 Qe4 30. Qf6 Qxb7 31. Qxh8+ Ke7 32. Re1+ Kd6 33. Qd8+ Kc6 34. Qd5+ Kxc7 35. Qxc4 Qc6 36. Qxf7+ Kb6 37. Re6 Bd6 38. Qg6 Kc7 39. Rxd6 Qxd6 40. Qxd6+ Kxd6 41. Kf1 Kc5 42. Ke2 Kd4 43. f3 Kc3 44. f4 1-0

[Event "25th Klatovy B 2017"]
[Site "Klatovy CZE"]
[Date "2017.07.06"]
[Round "6.6"]
[White "Hosnedl, Matyas"]
[Black "Sibl, Vaclav"]
[Result "1/2-1/2"]
[WhiteElo "1739"]
[BlackElo "1961"]
[PlyCount "43"]
[EventDate "2017.07.01"]
[EventType "swiss"]
[EventRounds "9"]
[EventCountry "CZE"]

1. e4 d6 2. d4 Nf6 3. Nc3 e5 4. dxe5 dxe5 5. Bg5 Be7 6. Qxd8+ Bxd8 7. Nf3 Nbd7 8. O-O-O O-O 9. Bc4 c6 10. Rhe1 b5 11. Bb3 Bc7 12. a3 Nc5 13. Ba2 a5 14. Bxf6 gxf6 15. h3 b4 16. Nb1 Be6 17. Bxe6 fxe6 18. Nfd2 Rfd8 19. Nc4 Rxd1+ 20. Kxd1 Rd8+ 21. Nbd2 Rd4 22. Kc1 1/2-1/2

[Event "25th Klatovy B 2017"]
[Site "Klatovy CZE"]
[Date "2017.07.06"]
[Round "6.7"]
[White "Zednik, Zdenek"]
[Black "Nagy, Ladislav"]
[Result "1-0"]
[WhiteElo "1950"]
[BlackElo "1000"]
[PlyCount "107"]
[EventDate "2017.07.01"]
[EventType "swiss"]
[EventRounds "9"]
[EventCountry "CZE"]

1. Nf3 c5 2. c4 g6 3. Nc3 Bg7 4. g3 Nc6 5. Bg2 e6 6. d3 Nge7 7. Bg5 O-O 8. Qc1 d5 9. Bh6 Nd4 10. Bxg7 Nxf3+ 11. Bxf3 Kxg7 12. b3 Rb8 13. h4 h6 14. O-O b6 15. cxd5 exd5 16. d4 c4 17. bxc4 dxc4 18. Qf4 Bb7 19. d5 Rc8 20. Rfd1 f6 21. h5 a6 22. hxg6 b5 23. a3 Rc5 24. Qe3 Rc8 25. Qe6 Nxg6 26. Bh5 Qe8 27. Qg4 Rd8 28. e4 Kh7 29. Qf5 Rd6 30. Ne2 Rg8 31. Nf4 Bc8 32. Bxg6+ Rxg6 33. Qxg6+ Qxg6 34. Nxg6 Kxg6 35. f4 Bg4 36. Re1 a5 37. Kf2 c3 38. Ke3 c2 39. Kd4 b4 40. axb4 axb4 41. Kc4 Rb6 42. Kb3 Bd1 43. Rexd1 cxd1=Q+ 44. Rxd1 Kf7 45. Rd4 Ra6 46. Kxb4 Ra1 47. d6 Ke8 48. d7+ Kd8 49. Kc5 Rg1 50. e5 fxe5 51. fxe5 Rxg3 52. Kd6 h5 53. Ra4 Rd3+ 54. Ke6 1-0

[Event "25th Klatovy B 2017"]
[Site "Klatovy CZE"]
[Date "2017.07.06"]
[Round "6.8"]
[White "Krupansky, Jaromir"]
[Black "Mejzr, Jan"]
[Result "0-1"]
[WhiteElo "1764"]
[BlackElo "1901"]
[PlyCount "58"]
[EventDate "2017.07.01"]
[EventType "swiss"]
[EventRounds "9"]
[EventCountry "CZE"]

1. e4 c5 2. Nc3 Nc6 3. f4 g6 4. Nf3 Bg7 5. Bc4 d6 6. O-O e6 7. Qe1 Nd4 8. Nxd4 cxd4 9. Ne2 Qb6 10. d3 Nf6 11. f5 O-O 12. fxe6 Bxe6 13. Bxe6 fxe6 14. Nf4 Rae8 15. h3 e5 16. Ne2 Rc8 17. Qd2 Qc5 18. b4 Qxc2 19. Rd1 Qxd2 20. Rxd2 d5 21. Ng3 dxe4 22. dxe4 Rc3 23. Kh2 Rxg3 24. Kxg3 Nxe4+ 25. Kh2 Nxd2 26. Bxd2 e4 27. Rd1 e3 28. Bc1 Be5+ 29. Kg1 Bg3 0-1

[Event "25th Klatovy B 2017"]
[Site "Klatovy CZE"]
[Date "2017.07.06"]
[Round "6.9"]
[White "Jirasek, Jiri"]
[Black "Bainhofner, Jiri"]
[Result "1-0"]
[WhiteElo "1874"]
[BlackElo "1755"]
[PlyCount "89"]
[EventDate "2017.07.01"]
[EventType "swiss"]
[EventRounds "9"]
[EventCountry "CZE"]

1. d4 Nf6 2. c4 g6 3. Nc3 Bg7 4. e4 d6 5. f3 O-O 6. Be3 e5 7. d5 a5 8. Qd2 Na6 9. O-O-O Bd7 10. Kb1 Ne8 11. g4 f5 12. gxf5 gxf5 13. Bg5 Bf6 14. h4 f4 15. Nh3 Ng7 16. Rg1 Kh8 17. Bh6 Rg8 18. Ng5 Qe7 19. Qh2 Nh5 20. Bh3 Rg6 21. Be6 Bxe6 22. dxe6 Bxg5 23. hxg5 Ng3 24. Nd5 Qxe6 25. Qd2 b6 26. Rg2 Nb4 27. a3 Nxd5 28. cxd5 Qd7 29. Rc1 Ra7 30. Rc6 Nh5 31. Qc3 Ng7 32. Rg4 Ne8 33. Rxf4 Rg8 34. Rf5 Ng7 35. Rf6 Nh5 36. Rf8 Rxf8 37. Bxf8 Kg8 38. Bh6 Nf4 39. Qc1 Qf7 40. Rxd6 Qe7 41. Rf6 Ng6 42. d6 Qd7 43. Qc4+ Kh8 44. Rf7 Qxd6 45. Bg7+ 1-0

[Event "25th Klatovy B 2017"]
[Site "Klatovy CZE"]
[Date "2017.07.06"]
[Round "6.10"]
[White "Pravda, Krystof"]
[Black "Perik, Alois"]
[Result "1/2-1/2"]
[WhiteElo "1636"]
[BlackElo "1870"]
[PlyCount "112"]
[EventDate "2017.07.01"]
[EventType "swiss"]
[EventRounds "9"]
[EventCountry "CZE"]

1. e4 c6 2. d4 d5 3. e5 Bf5 4. f4 e6 5. Nf3 Bb4+ 6. c3 Ba5 7. Bd3 Ne7 8. Bxf5 Nxf5 9. g4 Nh4 10. O-O Nxf3+ 11. Qxf3 Nd7 12. f5 Qe7 13. b4 Bb6 14. f6 Qf8 15. Kh1 gxf6 16. exf6 Bc7 17. Qh3 Qg8 18. Bh6 Qg6 19. Bg7 Rg8 20. Rf3 O-O-O 21. Nd2 e5 22. Rf5 e4 23. Qh5 Nf8 24. Rg5 Qxh5 25. Rxh5 Bf4 26. Nf1 Ne6 27. Rxh7 Nxg7 28. fxg7 f6 29. Ng3 Bxg3 30. hxg3 Rd7 31. Rf1 Rdxg7 32. Rxg7 Rxg7 33. Rxf6 Rxg4 34. Kg2 Rg7 35. Re6 Kd7 36. Re5 Re7 37. Rg5 Ke6 38. g4 Kf6 39. Rf5+ Kg6 40. b5 Rd7 41. bxc6 bxc6 42. Re5 Rb7 43. Kg3 Rf7 44. c4 dxc4 45. Rxe4 Rd7 46. Kf3 Rd5 47. Re6+ Kg5 48. Rxc6 Rxd4 49. Rc5+ Kg6 50. Rc6+ Kg5 51. Rc7 Rd3+ 52. Ke2 Ra3 53. Rc5+ Kxg4 54. Rxc4+ Kf5 55. Rc2 Ke4 56. Kd1 Kd3 1/2-1/2

[Event "25th Klatovy B 2017"]
[Site "Klatovy CZE"]
[Date "2017.07.06"]
[Round "6.11"]
[White "Berka, Lubos"]
[Black "Nechutny, Michal"]
[Result "0-1"]
[WhiteElo "1822"]
[BlackElo "1766"]
[PlyCount "60"]
[EventDate "2017.07.01"]
[EventType "swiss"]
[EventRounds "9"]
[EventCountry "CZE"]

1. e4 d5 2. exd5 Nf6 3. d4 Nxd5 4. c4 Nb6 5. Nf3 Bf5 6. Nc3 e6 7. Be2 Be7 8. O-O O-O 9. Be3 c6 10. Qd2 N8d7 11. c5 Nd5 12. Nxd5 exd5 13. Bd3 Be4 14. Bxe4 dxe4 15. Ng5 Nf6 16. f3 exf3 17. Nxf3 Qd5 18. Bf4 Rad8 19. Rae1 Rfe8 20. Re5 Qxa2 21. Rfe1 Bf8 22. Bg5 Rxe5 23. Nxe5 Bxc5 24. Bxf6 gxf6 25. Kh1 Bxd4 26. Ng4 Qxb2 27. Qh6 Qc3 28. Qh4 Qd2 29. Nh6+ Kf8 30. Nf5 Bf2 0-1

[Event "25th Klatovy B 2017"]
[Site "Klatovy CZE"]
[Date "2017.07.06"]
[Round "6.12"]
[White "Leseticky, Vladimir"]
[Black "Novotny, David"]
[Result "1-0"]
[WhiteElo "1685"]
[BlackElo "1725"]
[PlyCount "53"]
[EventDate "2017.07.01"]
[EventType "swiss"]
[EventRounds "9"]
[EventCountry "CZE"]

1. e4 e6 2. Nf3 d5 3. exd5 exd5 4. d4 Bd6 5. Bg5 f6 6. Bd2 Bg4 7. Be2 Nc6 8. O-O Bxf3 9. Bxf3 Nxd4 10. Bh5+ g6 11. Re1+ Be7 12. Bc3 Nb5 13. Bf3 Nxc3 14. Nxc3 c6 15. Qd2 Qc7 16. Re6 O-O-O 17. g3 Bd6 18. Rae1 Kb8 19. Re8 Ne7 20. Rxh8 Rxh8 21. a3 h5 22. Qe2 h4 23. Kg2 Qb6 24. Qe6 Nc8 25. Nd1 hxg3 26. hxg3 Be5 27. Rxe5 1-0

[Event "25th Klatovy B 2017"]
[Site "Klatovy CZE"]
[Date "2017.07.06"]
[Round "6.13"]
[White "Vachal, Josef1"]
[Black "Cipera, Josef"]
[Result "1-0"]
[WhiteElo "1872"]
[BlackElo "1691"]
[PlyCount "55"]
[EventDate "2017.07.01"]
[EventType "swiss"]
[EventRounds "9"]
[EventCountry "CZE"]

1. e4 c5 2. Nf3 Nc6 3. d4 cxd4 4. Nxd4 e6 5. Nc3 a6 6. Be3 b5 7. Nxc6 dxc6 8. Qxd8+ Kxd8 9. O-O-O+ Ke8 10. Be2 Bb4 11. Bd4 f6 12. f4 Ne7 13. a3 Ba5 14. Bh5+ Kf8 15. Rd3 Rg8 16. Rhd1 g6 17. Bf3 Kf7 18. Bc5 Bc7 19. g3 a5 20. Ne2 e5 21. fxe5 fxe5 22. Kb1 Re8 23. Nc1 Ng8 24. Rd7+ Bxd7 25. Rxd7+ Ne7 26. Rxc7 Rac8 27. Bd6 Kf6 28. Bxe7+ 1-0

[Event "25th Klatovy B 2017"]
[Site "Klatovy CZE"]
[Date "2017.07.06"]
[Round "6.14"]
[White "Stross, Frantisek 1952"]
[Black "Flajsman, Pavel"]
[Result "0-1"]
[WhiteElo "1631"]
[BlackElo "1736"]
[PlyCount "62"]
[EventDate "2017.07.01"]
[EventType "swiss"]
[EventRounds "9"]
[EventCountry "CZE"]

1. e4 c5 2. Nc3 Nc6 3. Nf3 g6 4. Bc4 Bg7 5. d3 d6 6. O-O e6 7. Be3 a6 8. a4 Nge7 9. Qc1 d5 10. exd5 exd5 11. Nxd5 Nxd5 12. Bxc5 h6 13. Re1+ Be6 14. c3 Bf8 15. Bxf8 Kxf8 16. d4 Nce7 17. Ba2 Rc8 18. Qd2 a5 19. Rac1 Kg7 20. b3 Re8 21. c4 Nb4 22. Bb1 Bf5 23. d5 Bxb1 24. Rxb1 Nf5 25. g4 Nd6 26. c5 Ne4 27. Qd4+ Nf6 28. Rxe8 Qxe8 29. d6 Qe4 30. Re1 Qxf3 31. Re4 Qxe4 0-1

[Event "25th Klatovy B 2017"]
[Site "Klatovy CZE"]
[Date "2017.07.06"]
[Round "6.15"]
[White "Kaspar, Lukas"]
[Black "Kubat, Zbynek"]
[Result "1/2-1/2"]
[WhiteElo "1764"]
[BlackElo "1682"]
[PlyCount "80"]
[EventDate "2017.07.01"]
[EventType "swiss"]
[EventRounds "9"]
[EventCountry "CZE"]

1. e4 d5 2. exd5 Qxd5 3. Nc3 Qa5 4. Nf3 c6 5. Bc4 Nd7 6. O-O Ne5 7. Nxe5 Qxe5 8. d4 Qc7 9. Qf3 e6 10. Ne4 Be7 11. Bf4 Qd8 12. c3 Nf6 13. Be5 Nxe4 14. Qxe4 Bf6 15. Rfe1 Bxe5 16. Qxe5 O-O 17. Re3 Qf6 18. Qxf6 gxf6 19. Rg3+ Kh8 20. Re1 Rg8 21. Ree3 b5 22. Bd3 f5 23. Be2 Bd7 24. Bh5 Rg7 25. Kf1 Rag8 26. Ke2 Rxg3 27. Rxg3 Rxg3 28. hxg3 Kg7 29. Kd3 f6 30. f4 Kf8 31. a4 Ke7 32. c4 a5 33. axb5 cxb5 34. Bf3 Kd6 35. c5+ Kc7 36. d5 exd5 37. Bxd5 Bc6 38. Be6 Be4+ 39. Kd4 Kc6 40. Bf7 Kc7 1/2-1/2

[Event "25th Klatovy B 2017"]
[Site "Klatovy CZE"]
[Date "2017.07.06"]
[Round "6.16"]
[White "Zimovcak, Zdenek"]
[Black "Davaademberel, Purevdorj 1981"]
[Result "0-1"]
[WhiteElo "1623"]
[BlackElo "1835"]
[PlyCount "72"]
[EventDate "2017.07.01"]
[EventType "swiss"]
[EventRounds "9"]
[EventCountry "CZE"]

1. e4 c5 2. Nf3 Nc6 3. Bc4 e6 4. Nc3 a6 5. a3 b5 6. Be2 d6 7. O-O Nf6 8. d3 Be7 9. Bg5 Bb7 10. Qd2 h6 11. Be3 Qc7 12. Na2 d5 13. exd5 exd5 14. Bf4 Qd7 15. Rfe1 O-O 16. h3 Rad8 17. Rad1 d4 18. Nc1 Nh7 19. Nb3 Qf5 20. Nh2 Bg5 21. Bxg5 Nxg5 22. Bg4 Qd5 23. f4 f5 24. fxg5 fxg4 25. Nxg4 h5 26. Nf2 c4 27. Nc1 c3 28. bxc3 dxc3 29. Qxc3 Rxf2 30. Kxf2 Nd4 31. Re4 Qf5+ 32. Ke1 Bxe4 33. dxe4 Qxe4+ 34. Kf1 Qf4+ 35. Kg1 Ne2+ 36. Nxe2 Rxd1+ 0-1

[Event "25th Klatovy B 2017"]
[Site "Klatovy CZE"]
[Date "2017.07.06"]
[Round "6.17"]
[White "Esterka, Jan"]
[Black "Schille, Hannes"]
[Result "1-0"]
[WhiteElo "1827"]
[BlackElo "1690"]
[PlyCount "97"]
[EventDate "2017.07.01"]
[EventType "swiss"]
[EventRounds "9"]
[EventCountry "CZE"]

1. e4 c5 2. Nf3 Nc6 3. d4 cxd4 4. Nxd4 e6 5. Nxc6 bxc6 6. Bd3 Be7 7. O-O Nf6 8. c4 d6 9. Nc3 O-O 10. Be3 Qc7 11. h3 Bb7 12. f4 Rfd8 13. Qc2 h6 14. Bf2 Nh5 15. Qd2 e5 16. g3 Qd7 17. f5 Bg5 18. Qe2 g6 19. Rad1 Kg7 20. Kh2 Be7 21. Bc2 Qc7 22. Bb3 Nf6 23. fxg6 fxg6 24. Be3 Rh8 25. Rf2 a6 26. Rdf1 Raf8 27. Qd2 Bc8 28. Rf3 Qd7 29. Qg2 g5 30. g4 Kg6 31. Ne2 h5 32. Rf5 Nxg4+ 33. hxg4 hxg4+ 34. Kg1 Rxf5 35. exf5+ Kg7 36. Qxg4 Rh4 37. Qg3 Qd8 38. Bc2 Bf6 39. Rf2 Rh8 40. Rg2 Rh5 41. Qg4 Kh6 42. Ng3 Rh4 43. Rh2 Rxh2 44. Kxh2 Qe8 45. Ne4 Qe7 46. Bd1 d5 47. Qh5+ Kg7 48. Qg6+ Kf8 49. Nxf6 1-0

[Event "25th Klatovy B 2017"]
[Site "Klatovy CZE"]
[Date "2017.07.06"]
[Round "6.18"]
[White "Lacha, Jan"]
[Black "Rychtecky, Pavel"]
[Result "1/2-1/2"]
[WhiteElo "1815"]
[BlackElo "1643"]
[PlyCount "88"]
[EventDate "2017.07.01"]
[EventType "swiss"]
[EventRounds "9"]
[EventCountry "CZE"]

1. d4 Nf6 2. Nc3 e6 3. Bg5 Be7 4. Nf3 d5 5. Bxf6 Bxf6 6. e4 dxe4 7. Nxe4 Be7 8. Qd2 Nd7 9. O-O-O c6 10. h4 Nf6 11. Nxf6+ Bxf6 12. Qc3 O-O 13. g4 Qd6 14. g5 Qf4+ 15. Kb1 Be7 16. Bc4 b5 17. Bb3 Qd6 18. Rhe1 a5 19. a4 Bd7 20. h5 Qf4 21. g6 Bb4 22. gxh7+ Kh8 23. Qd3 Bxe1 24. Rxe1 Qh6 25. Ne5 Rad8 26. axb5 cxb5 27. Nxd7 Rxd7 28. Qxb5 Rxd4 29. Qxa5 Qxh7 30. Qa7 Rdd8 31. Qb7 Qf5 32. h6 Qxf2 33. hxg7+ Kxg7 34. Qe4 Qd4 35. Qg2+ Kf6 36. Rf1+ Ke7 37. Qg5+ f6 38. Qb5 Rb8 39. Qe2 Rb6 40. Rd1 Qc5 41. Qg2 Rd6 42. Qb7+ Kd8 43. Qb8+ Ke7 44. Qb7+ Kd8 1/2-1/2